000 01082nam a22003137a 4500
003 CHAP
005 20220329143158.0
008 061110d2004 mx r 00110 spa d
010 _a92973
011 _a93945
035 _a104528
040 _cCHAP
082 0 4 _a321.40972
_bF5
100 1 _aFigueroa Cuellar, Jesús
_ecoord.
_940809
245 1 0 _aForo de jóvenes para la democracia social :
_bcuaderno de reflexiones
_c/coord. por Jesús Figueroa Cuellar y Christian Tenorio Gutiérrez
260 _aMéxico, D. F. :
_bFundación Friedrich Ebert,
_c2004.
300 _a94 p.
590 _aBATCH-UPD
_b10
_c20130110
_lUCH01
_h0657
590 _aBATCH-UPD
_b10
_c20130410
_lUCH01
_h0342
590 _aBATCH-UPD
_b10
_c20130914
_lUCH01
_h1140
590 _aCONVERSION
_b10
_c20130109
_lUCH01
_h1351
650 1 4 _aDemocracia.
_931740
650 1 4 _aJuventud
_xActividad política.
_962552
700 1 _aTenorio Gutiérrez, Christian
_ecoord.
_9112276
901 _aBK
905 _aLilia
942 _cLIBRO
949 _a321.40972 F5
_bBC
_cLIBRO
_d33724002000629
_eLIBRO
_h108405
_i104528
_si
999 _c92973
_d92973